Algo pasa en la librería / (Registro nro. 10532)
[ vista simple ]
| 000 -LIDER | |
|---|---|
| fixed length control field | 00867nam a22002897a 4500 |
| 001 - NÚMERO DE CONTROL | |
| Identificador de número de control | 00578 |
| 003 - IDENTIFICACDOR DE NÚMERO DE CONTROL | |
| control field | DO-SdBNP |
| 005 - DATE AND TIME OF LATEST TRANSACTION | |
| control field | 20240725093638.0 |
| 007 - CAMPOS FIJOS DE DESCRIPCIÓN FÍSICA | |
| fixed length control field | 00578 |
| 008 - ELEMENTOS DE LONGITUD FIJA | |
| fixed length control field | 160623b2011 mx | 00| 0 spa d |
| 020 ## - ISBN | |
| International Standard Book Number | 9789705803079 |
| 040 ## - FUENTE DE CATALOGACIÓN | |
| Agencia que crea de manera original el registro | BPMSU |
| Idioma de catalogación | spa |
| Agencia que realiza la transcripción | BPMSU |
| 082 #4 - NÚMERO DE CLASIFICACIÓN DECIMAL DE DEWEY | |
| Classification number | 833.91 |
| Item number | H332a 2011 |
| Edition number | 22 |
| 092 ## - LOCALLY ASSIGNED DEWEY DECIMAL CALL NUMBER | |
| Número de clasificación | |
| Número de ítem (Cutter) | |
| 100 1# - ASIENTO PRINCIPAL -- NOMBRE PERSONAL | |
| Nombre personal | Härtling, Peter |
| Fechas asociadas con el nombre | 1933- |
| 245 10 - MENCIÓN DE TITULO | |
| Título | Algo pasa en la librería / |
| Mención de responsabilidad | Peter Härtling ; traducción Rosa Pilar Blanco |
| 260 ## - PUBLICACIÓN, DISTRIBUCIÓN, ETC. (PIE DE IMPRENTA) | |
| Lugar de publicación, distribución, etc | México : |
| Nombre del editor, distribuidor, etc. | Ediciones Alfuaguara, |
| Fecha de publicación, distribución, etc | 2011 |
| Fecha de impresión | |
| 300 ## - DESCRIPCIÓN FÍSICA | |
| Extensión | 140 p. ; |
| Dimensiones | 21 cm. |
| 490 0# - MENCIÓN DE SERIES | |
| Mención de serie | Alfaguara juvenil |
| 500 ## - NOTA GENERAL | |
| Nota general | Incluye datos biográficos del autor |
| 590 ## - NOTA LOCAL | |
| Texto de la nota local | Inventariado, 2024/VM |
| 650 #4 - ENCABEZAMIENTO DE MATERIA--TEMÁTICO | |
| Término temático o nombre geográfico como elemento de entrada | Novela juvenil alemana |
| 650 #4 - ENCABEZAMIENTO DE MATERIA--TEMÁTICO | |
| Término temático o nombre geográfico como elemento de entrada | Literatura juvenil alemana |
| 700 1# - ASIENTO SECUNDARIO -- NOMBRE PERSONAL | |
| Nombre personal | Blanco, Rosa Pilar, |
| Mención de responsabilidad | traductora |
| 910 ## - VALIDACIÓN | |
| Validación | VMateo V. Control de calidad. BPMSU |
| 942 ## - ADDED ENTRY ELEMENTS (KOHA) | |
| Source of classification or shelving scheme | Dewey Decimal Classification |
| Koha item type | Libros |
| Withdrawn status | Lost status | Source of classification or shelving scheme | Damaged status | Not for loan | Collection code | Home library | Current library | Date acquired | Source of acquisition | Total Checkouts | Full call number | Barcode | Date last seen | Price effective from | Koha item type | Copy number |
|---|---|---|---|---|---|---|---|---|---|---|---|---|---|---|---|---|
| Dewey Decimal Classification | Colección Juvenil General | Biblioteca Pública Metropolitana Salomé Ureña | Biblioteca Pública Metropolitana Salomé Ureña | 06/23/2016 | Alfaguara | BPMSU CJG 833.91 H332a 2011 | BPMSU16060420 | 06/23/2016 | 06/23/2016 | Libros | ||||||
| Dewey Decimal Classification | Colección Juvenil General | Biblioteca Pública Metropolitana Salomé Ureña | Biblioteca Pública Metropolitana Salomé Ureña | 11/09/2016 | Afaguara | BPMSU CJG 833.91 H332a 2011 | BPMSU16111138 | 11/09/2016 | 11/09/2016 | Libros | e.2 | |||||
| Dewey Decimal Classification | Colección Juvenil General | Biblioteca Pública Metropolitana Salomé Ureña | Biblioteca Pública Metropolitana Salomé Ureña | 11/09/2016 | Afaguara | BPMSU CJG 833.91 H332a 2011 | BPMSU24070112 | 07/25/2024 | 11/09/2016 | Libros | e.3 |